<?xml version="1.0" encoding="UTF-8"?>
<record
    xmlns:xsi="http://www.w3.org/2001/XMLSchema-instance"
    xsi:schemaLocation="http://www.loc.gov/MARC21/slim http://www.loc.gov/standards/marcxml/schema/MARC21slim.xsd"
    xmlns="http://www.loc.gov/MARC21/slim">

  <leader>05980nam a2200469 i 4500</leader>
  <controlfield tag="001">ebr10814319</controlfield>
  <controlfield tag="003">CaPaEBR</controlfield>
  <controlfield tag="006">m     o  d        </controlfield>
  <controlfield tag="007">cr cn|||||||||</controlfield>
  <controlfield tag="008">110803t20112011sz ad   ob    101 0 eng|d</controlfield>
  <datafield tag="020" ind1=" " ind2=" ">
    <subfield code="z">0878492216</subfield>
  </datafield>
  <datafield tag="020" ind1=" " ind2=" ">
    <subfield code="z">9780878492213</subfield>
  </datafield>
  <datafield tag="020" ind1=" " ind2=" ">
    <subfield code="a">9783038135623 (e-book)</subfield>
  </datafield>
  <datafield tag="040" ind1=" " ind2=" ">
    <subfield code="a">CaPaEBR</subfield>
    <subfield code="b">eng</subfield>
    <subfield code="e">rda</subfield>
    <subfield code="e">pn</subfield>
    <subfield code="c">CaPaEBR</subfield>
  </datafield>
  <datafield tag="035" ind1=" " ind2=" ">
    <subfield code="a">(OCoLC)837689940</subfield>
  </datafield>
  <datafield tag="050" ind1="1" ind2="4">
    <subfield code="a">TP156.P3</subfield>
    <subfield code="b">I575 2010eb</subfield>
  </datafield>
  <datafield tag="111" ind1="2" ind2=" ">
    <subfield code="a">International Forum on Powder Technology &amp; Application</subfield>
    <subfield code="d">(2010 :</subfield>
    <subfield code="c">Qingdao, China)</subfield>
  </datafield>
  <datafield tag="245" ind1="1" ind2="0">
    <subfield code="a">Powder technology and application III :</subfield>
    <subfield code="b">selected, peer reviewed papers from the 2010 International Forum on Powder Technology &amp; Application, Qingdao China 22-24 July 2010 /</subfield>
    <subfield code="c">edited by Xianjun Lu and Jun Qiu.</subfield>
  </datafield>
  <datafield tag="246" ind1="3" ind2="0">
    <subfield code="a">2010 International Forum on Powder Technology &amp; Application</subfield>
  </datafield>
  <datafield tag="246" ind1="3" ind2=" ">
    <subfield code="a">Powder technology and application 3</subfield>
  </datafield>
  <datafield tag="264" ind1=" " ind2="1">
    <subfield code="a">Stafa-Zurich, Switzerland ;</subfield>
    <subfield code="a">Enfield, New Hampshire :</subfield>
    <subfield code="b">Trans Tech Publications,</subfield>
    <subfield code="c">[2011]</subfield>
  </datafield>
  <datafield tag="264" ind1=" " ind2="4">
    <subfield code="c">&#xFFFD;2011</subfield>
  </datafield>
  <datafield tag="300" ind1=" " ind2=" ">
    <subfield code="a">1 online resource (313 pages) :</subfield>
    <subfield code="b">illustrations (some color).</subfield>
  </datafield>
  <datafield tag="336" ind1=" " ind2=" ">
    <subfield code="a">text</subfield>
    <subfield code="2">rdacontent</subfield>
  </datafield>
  <datafield tag="337" ind1=" " ind2=" ">
    <subfield code="a">computer</subfield>
    <subfield code="2">rdamedia</subfield>
  </datafield>
  <datafield tag="338" ind1=" " ind2=" ">
    <subfield code="a">online resource</subfield>
    <subfield code="2">rdacarrier</subfield>
  </datafield>
  <datafield tag="490" ind1="1" ind2=" ">
    <subfield code="a">Advanced materials research,</subfield>
    <subfield code="x">1022-6680 ;</subfield>
    <subfield code="v">volume 158</subfield>
  </datafield>
  <datafield tag="504" ind1=" " ind2=" ">
    <subfield code="a">Includes bibliographical references and indexes.</subfield>
  </datafield>
  <datafield tag="505" ind1="0" ind2=" ">
    <subfield code="a">Machine generated contents note: Alkali Activation of Granulated Blast Furnace Slag / S.G. Hu -- Alkaline Leaching of Low Grade Complex Zinc Oxide Ore / X.J. Su -- Cementing Property of Cement with Desulfurization and Skimming Slag Tailings Powder / Y.B. Wang -- Characterization of the Alkyl-Ammonium Adsorption Amount in Organomontmorillonite and its Effect on the Viscosity of Organomontmorillonite Gel / J. Qiu -- Crushed Product Characteristics of Low-Grade Hematite in High-Pressure Grinding Roller / Q. Tan -- Development of the Research on High-Power WLEDs / X.Z. Ren -- Effects of Heat-Treatment on the Magnetic Properties of Fe2O3-CaO-SiO2 Glass Ceramics / S.Y. Yao -- Experimental Study on Extracting Humic Acid from Lignite / Y.X. Han -- Experimental Study on Drying and Agglomerating Moulding of Lignite / Y.M. Zhu -- Experimental Study on Microwave Pretreatment with some Refractory Flotation Gold Concentrate / M.Q. Lin -- Enhanced Adsorption of Dimethyl SulfiNde by Micronized Carbonaceous Adsorbent / G.S. Gai -- Experimental Study on the Desorption and Regeneration of a Novel Granular Bentonite Composite Adsorbent / G.F. Wang -- Effect of Preparation Parameters on the Structure and Property of Montmorillonite/Alkylammonium Complexes / P. Chen -- Fundamental Research in Utilization of an Oolitic Hematite by Deep Reduction / P. Gao -- Flotation Research on Dolomite-Containing Magnesite Ore / Y.Q. Ma -- Flotation Research of Three Polymorph of Serpentine Minerals / L.B. Zhao -- Grey Relational Analysis between Particle Size Distribution of Power Storage Porous Ceramsite and Thermal Conductivity of PCM Gypsum Board / F.T. Zhao -- Hydrometallurgical Treatment of Low Grade Zinc Oxide Ore / W. Mo -- Mechanism Analysis of FTIR Absorption Characteristic of MgO Nano-Powder / X. Fang -- Medium Characteristics on Selective Grinding of Low Grade Bauxite / W.Z. Hong -- Modification of LiFePo4 by Citric Acid Coating and Nb5+ Doping / Q.M. Xu -- Powder Preparation Technology in China / Z.X. Jin -- Plasma Surface Modification of Silica and its Application in Epoxy Molding Compounds for Large-Scale Integrated Circuits Packaging / J.G. Zhang -- Research on Preparation and Properties of Backfilling Cementation Material Based on Blast Furnace Slag / Z.Q. Jin -- Research on Process Mineralogy of Potassium-Rich Shale / W.Z. Yin -- Research on Preparation of Mesoporous Zeolite by Template Method / X. Fang -- Research on Performance of the Modified Asphalt by Diatomite-Cellulose Composite / B. Zhang -- Study on the Performances and Interfacial Structure of Magnesium Oxysulfate Whiskers/PE Composites / Y.B. Li -- Shear Flocculation and Flotation of Hematite / X.G. Xu -- Study on Kinetics of Octadecyltrimethylammonium Adsorption on Montmorillonite / G.F. Wang -- Synthesis of Hydrotalcite Using Brucite as the Source of Magnesium / L. Liu -- Study on Microstructure Variation Laws of Al-Pillared Montmorillonite / J.L. Yang -- Study on the Rate Performance of LiCo1/3Ni1/3Mn1/3O2 / P.X. Zhang -- Synthesis of LiNi1/3CO1/3Mn1/3O2 Composite Powders by Solid State Reaction / K. Liu -- The SEM and EDS Energy Spectrum Analysis of a Beach Placer / G.F. Wang -- The Influence of Additives on Evenness Degree and Particle Size of Nanometer Calcium Carbonate / J.X. Hui -- The Research on the Performance of Asphalt Mastics Modified by Mineral Fillers / B. Zhang -- The Experimental Study on Synthesis of Activated Bleaching Clay and Organic Bentonite Utilizing Bentonites in Liaoning Province / X.A. Li.</subfield>
  </datafield>
  <datafield tag="588" ind1=" " ind2=" ">
    <subfield code="a">Description based on print version record.</subfield>
  </datafield>
  <datafield tag="590" ind1=" " ind2=" ">
    <subfield code="a">Electronic reproduction. Palo Alto, Calif. : ebrary, 2013. Available via World Wide Web. Access may be limited to ebrary affiliated libraries.</subfield>
  </datafield>
  <datafield tag="650" ind1=" " ind2="0">
    <subfield code="a">Powders</subfield>
    <subfield code="v">Congresses.</subfield>
  </datafield>
  <datafield tag="650" ind1=" " ind2="0">
    <subfield code="a">Powder metallurgy</subfield>
    <subfield code="v">Congresses.</subfield>
  </datafield>
  <datafield tag="650" ind1=" " ind2="0">
    <subfield code="a">Ceramic powders</subfield>
    <subfield code="v">Congresses.</subfield>
  </datafield>
  <datafield tag="655" ind1=" " ind2="0">
    <subfield code="a">Electronic books.</subfield>
  </datafield>
  <datafield tag="700" ind1="1" ind2=" ">
    <subfield code="a">Lu, Xianjun.</subfield>
  </datafield>
  <datafield tag="700" ind1="1" ind2=" ">
    <subfield code="a">Qiu, Jun,</subfield>
    <subfield code="d">1968-</subfield>
  </datafield>
  <datafield tag="776" ind1="0" ind2="8">
    <subfield code="i">Print version:</subfield>
    <subfield code="a">International Forum on Powder Technology &amp; Application.</subfield>
    <subfield code="t">Powder technology and application III : selected, peer reviewed papers from the 2010 International Forum on Powder Technology &amp; Application, Qingdao China 22-24 July 2010.</subfield>
    <subfield code="d">Stafa-Zurich, Switzerland : Trans Tech Publications, [2011]</subfield>
    <subfield code="h">[a]-b, 306 pages ; 25 cm.</subfield>
    <subfield code="k">Advanced materials research ; volume 158</subfield>
    <subfield code="x">1022-6680 ;</subfield>
    <subfield code="z">9780878492213</subfield>
    <subfield code="w">(OCoLC)ocn700709141</subfield>
    <subfield code="w">(DLC)10814319</subfield>
  </datafield>
  <datafield tag="797" ind1="2" ind2=" ">
    <subfield code="a">ebrary.</subfield>
  </datafield>
  <datafield tag="830" ind1=" " ind2="0">
    <subfield code="a">Advanced materials research ;</subfield>
    <subfield code="v">v. 158.</subfield>
  </datafield>
  <datafield tag="856" ind1="4" ind2="0">
    <subfield code="u">http://site.ebrary.com/lib/rucke/Doc?id=10814319</subfield>
    <subfield code="z">An electronic book accessible through the World Wide Web; click to view</subfield>
  </datafield>
  <datafield tag="999" ind1=" " ind2=" ">
    <subfield code="c">81335</subfield>
    <subfield code="d">81335</subfield>
  </datafield>
</record>
